8 mots dans mots : jet (mort subite) - Statistiques

Statistiques générales
  • Ce quiz a été pris 46 fois
  • Le résultat moyen est 5 sur 8
Answers on the Grid
Answers color-coded by a green-red scale on the quiz's grid according to % correct below.
ver---er
disc---ionnairement
sur---euse
réinterp---er
irr---récissabilité
pro---er
---éléphoner
for---er
ent---oiser
épaulés - ---és
conc---iser
dé---ées
contrepro---s
c---iniser
tra---
assu---tissement
 
Statistiques - réponses
Réponse % Correct
tra---
85%
pro---er
83%
assu---tissement
75%
contrepro---s
73%
sur---euse
58%
dé---ées
50%
épaulés - ---és
50%
for---er
30%
Aucun quiz correspondant
Distribution des résultats
% des personnes avec chaque résultat
Percentile par nombre de réponses
Votre historique - résultats
Vous n’avez pas pris ce quiz